Music Quiz

Random Music or Logic Quiz

SMTOWN Murder Mystery Logic Quiz! Stats

 Plays Quiz not verified by Sporcle

Score 0/30 Timer 15:00
31 Plays Today
Idol Clue % Correct

Krystal







???
100%

Amber







???
51.9%

Onew







???
45.1%

Jessica







???
38.9%

Ten







???
37.6%

Luhan







???
33.1%

Seohyun







???
30.9%

Johnny







???
29.6%

Taemin







???
29.2%

Kris







???
28.1%

Kai







???
26.7%

Doyoung







???
26%

Minho







???
24.4%

Taeyeon







???
22.6%

Sehun







???
21.2%
Idol Clue % Correct

Yeri







???
21%

Xiumin







???
20.2%

Baekhyun







???
19.1%

Donghae







???
18.2%

Tao







???
18%

Hangeng







???
17.8%

Suho







???
17.2%

Irene







???
17.2%

Kyuhyun







???
17.2%

D.O.







???
17%

Leeteuk







???
16.5%

Chanyeol







???
15.8%

Lay







???
15.2%

Changmin







???
10.7%

Chen







???
8%

You're not logged in!

Compare scores with friends on all Sporcle quizzes.
OR
Log In

Show Comments

Extras

Top Quizzes Today


Score Distribution

Your Account Isn't Verified!

In order to create a playlist on Sporcle, you need to verify the email address you used during registration. Go to your Sporcle Settings to finish the process.

Report this User

Report this user for behavior that violates our Community Guidelines.

Details: